[Event "Catalunya-ch U18"]
[Site "Tarrega"]
[Date "1995.??.??"]
[Round "?"]
[White "Bas, O."]
[Black "Alfonso Nogue, Beatriz"]
[Result "0-1"]
[WhiteElo "2020"]
[BlackElo "2205"]
[PlyCount "62"]
[EventDate "1995.??.??"]
[EventType "swiss"]
[EventRounds "9"]
[EventCountry "ESP"]
[SourceTitle "EXT 2003"]
[Source "ChessBase"]
[SourceDate "2002.11.25"]
[SourceVersion "1"]
[SourceVersionDate "2002.11.25"]
[SourceQuality "1"]

1. e4 d5 2. exd5 Nf6 3. Nc3 Nxd5 4. d4 c6 5. Nf3 g6 6. Be2 Bg7 7. 0-0 0-0 8. Nxd5 cxd5 9. Bf4 Nc6 10. c3 f6 11. Qd2 Re8 12. Rad1 Qa5 13. b3 b5 14. Bh6 Bh8 15. h4 Bg4 16. Qe3 Bg7 17. Bxg7 Kxg7 18. Qf4 h5 19. Rfe1 a6 20. Rd2 Nd8 21. Nh2 e5 22. dxe5 fxe5 23. Qg3 Bxe2 24. Rdxe2 Nf7 25. Rxe5 Nxe5 26. Rxe5 Qc7 27. Rxe8 Qxg3 28. fxg3 Rxe8 29. Kf2 Rc8 30. Nf3 Rxc3 31. Nd4 Kf6 0-1

[Event "Catalunya-ch U18"]
[Site "Tarrega"]
[Date "1995.??.??"]
[Round "?"]
[White "Folch Abad, Silvia"]
[Black "Bas, O."]
[Result "1-0"]
[WhiteElo "2040"]
[BlackElo "2020"]
[PlyCount "81"]
[EventDate "1995.??.??"]
[EventType "swiss"]
[EventRounds "9"]
[EventCountry "ESP"]
[SourceTitle "EXT 2003"]
[Source "ChessBase"]
[SourceDate "2002.11.25"]
[SourceVersion "1"]
[SourceVersionDate "2002.11.25"]
[SourceQuality "1"]

1. e4 e5 2. Nf3 Nc6 3. d4 exd4 4. Bc4 Nf6 5. 0-0 d6 6. Ng5 Ne5 7. Qxd4 Nxc4 8. Qxc4 Be6 9. Nxe6 fxe6 10. Qxe6+ Qe7 11. Qxe7+ Bxe7 12. Re1 0-0 13. f3 Rae8 14. Nc3 c6 15. Be3 b6 16. Rad1 Nh5 17. Ne2 g6 18. Nd4 c5 19. Ne6 Rf6 20. Nc7 Ref8 21. Nd5 R6f7 22. Nxe7+ Rxe7 23. Rxd6 Ng7 24. Red1 Ne6 25. Rd7 Rxd7 26. Rxd7 Rf7 27. Rxf7 Kxf7 28. c3 Ke7 29. g3 Kd6 30. Kf2 a6 31. Ke2 b5 32. b4 cxb4 33. cxb4 Ke5 34. Kd3 Kd6 35. f4 h6 36. f5 gxf5 37. exf5 Ng5 38. Bxg5 hxg5 39. Ke4 Ke7 40. Ke5 Kf7 41. f6 1-0